Sabrina Carpenter - Paroles Thumbs - Statistiques

Statistiques générales
  • Ce quiz a été pris 37 fois
    33 depuis la dernière actualisation
  • Le résultat moyen est 340 sur 479
Statistiques - réponses
Hint Réponse % Correct
the
100%
The
100%
a
96%
so
96%
So
96%
who
96%
and
92%
And
92%
mother
92%
that
92%
world
92%
world,
92%
world)
92%
da
88%
father
88%
in
88%
is
88%
just
88%
of
88%
thumbs
88%
has
83%
that's
83%
That's
83%
(that's
83%
there
83%
they
83%
They
83%
(They
83%
to
83%
way
83%
brother
79%
daughter,
79%
married
79%
on
79%
on,
79%
on)
79%
Couplet 1 | Couplet 2 | Couplet 3 Somewhere
79%
son
79%
all
75%
It
75%
it
75%
again
71%
end
71%
get
71%
you
71%
for
67%
gets
67%
keep
67%
(keep
67%
never
67%
start
67%
them
67%
they're
67%
another
63%
bank
63%
someone
63%
then
63%
'til
63%
work
63%
Pré-refrain 'Cause
58%
else
58%
ends
58%
everyday
58%
go
58%
one
58%
robbed
58%
same
58%
think
58%
very
58%
But
54%
paid
54%
people
54%
robber
54%
themselves
54%
up
54%
workin'
54%
dum
50%
dum)
50%
gonna
50%
got
50%
multiply
50%
with
50%
working
50%
made
46%
twiddlin'
46%
be
42%
believe
42%
Bridge Don't
42%
everything
42%
hear
42%
let
42%
Let
42%
works
42%
away
38%
beat
38%
drum
38%
left
38%
right
38%
somebody
38%
through
38%
tryna
38%
your
38%
ear
33%
march
33%
police
33%
Skiddly
33%
(skiddly
33%
dee
29%
him
25%
came
21%
Aucun quiz correspondant
Distribution des résultats
% des personnes avec chaque résultat
Percentile par nombre de réponses
Votre historique - résultats
Vous n’avez pas pris ce quiz depuis la dernière actualisation